000 00693nam a2200289Ia 4500
005 20260324130839.0
008 008 260324s9999 xx 000 0 eng d
020 _a9780203942963
037 _aEBOOK
040 _aCRL
040 _beng
040 _cCRL
041 _2eng
041 _aeng
084 _qCRL
100 _aGordon A. Tapper
_91183298
245 4 _aThe Machine that Sings
245 0 _bModernism, Hart Crane and the Culture of the Body
260 _bTaylor and Francis
260 _c2007
365 _a
365 _b240
856 _uhttp://www.taylorfrancis.com/books/9780203942963
942 _cEBOOK
999 _c1779883
_d1779883